The interaction of variable stars with their environment (Record no. 6013)

MARC details
000 -LEADER
fixed length control field 00627nam a2200181Ia 4500
003 - CONTROL NUMBER IDENTIFIER
control field IN-BaIIA
008 - FIXED-LENGTH DATA ELEMENTS--GENERAL INFORMATION
fixed length control field 211028s9999 xx 000 0 eng d
040 ## - CATALOGING SOURCE
Transcribing agency IIA Library
080 ## - UNIVERSAL DECIMAL CLASSIFICATION NUMBER
Universal Decimal Classification number 082.2:52
Item number IAU-C42
100 ## - MAIN ENTRY--PERSONAL NAME
Personal name Kippenhahn. R.
9 (RLIN) 10435
245 #4 - TITLE STATEMENT
Title The interaction of variable stars with their environment
Statement of responsibility, etc. R. Kippenhahn and J. Rahe
260 ## - PUBLICATION, DISTRIBUTION, ETC.
Place of publication, distribution, etc. Bamberg
Name of publisher, distributor, etc. Astronomisches Institut Der Universitat Erlangen-Nurnberg
Date of publication, distribution, etc. 1977
300 ## - PHYSICAL DESCRIPTION
Extent Ix, 649p.
650 ## - SUBJECT ADDED ENTRY--TOPICAL TERM
Topical term or geographic name entry element Astronomy and astrophysics thesaurus
650 ## - SUBJECT ADDED ENTRY--TOPICAL TERM
Topical term or geographic name entry element Variable stars
9 (RLIN) 1140
700 ## - ADDED ENTRY--PERSONAL NAME
Personal name Rahe, J.
9 (RLIN) 10436
942 ## - ADDED ENTRY ELEMENTS (KOHA)
Koha item type Books
Holdings
Withdrawn status Lost status Damaged status Not for loan Home library Current library Shelving location Date acquired Total Checkouts Full call number Barcode Date last seen Price effective from Koha item type
        IIA Library-Bangalore IIA Library-Bangalore General Stacks 30/11/1978   082.2:52/ IAU-C42 6718 05/11/2021 30/11/1978 Books

Powered by Koha